1328 1916 1545 1090 1396 1181 1680 1835 1503 1248 1083 1759 1778 1166 1416 1668 1685 1557 1272 1350 1874 1470 1516 1207 1820 1756 1170 1766 1761 1435 1236 1922 1687 1150 1126 1627 1031 1554 1402 1567 1217 1125 1837 1334 1823 1775 1872 1980 1175 1517 1630 1301 1240 1209 1616 1865 1099 1219 1880 1534 1323 1761 1004 1753 1870 1481 1413 1161 1637 1296 1147 1085 1150 1183 1859 1732 1025 1376 1232 1209 1398 1602 1471 1466 1134 1360 1923 1529 1751 1102 1428 1791 1326 1483 1295 1660 1381 1505 1024 BCNSPRNW ULIB Ver.6.0+V

เปลี่ยนเป็นภาษาไทย

Change to English
 แสดงรายละเอียดบรรณานุกรม
  กลับหน้าหลัก

Brief Record : Get Marc (ISO 2709) : E-mail record : QR code < ปิดหน้าต่าง
LEADER : 00000nam 2200000uu 4500
001    13399125758
003     ULIB
008    170830s2559||||th 000 0 tha d
020    ^a9786167902890
060 04 ^aWS104^bจ493พ
100 0  ^aจิรนันท์ วีรกุล
245 00 ^aพัฒนาการผิดปกติที่พบบ่อยในเด็กแรกเกิด-5ปี /^cจิรนันท์ วีรกุล
250    ^aพิมพ์ครั้งที่ 2
260    ^aพิษณุโลก :^bสำนักพิมพ์มหาวิทยาลัยนเรศวร, ^c2559
300    ^a89 หน้า ;^c26 ซม.
505 0  ^aพัฒนาการผิดปกติ -- พื้นอารมณ์ของเด็ก -- พัฒนาการด้านกล้ามเนื้อมัดใญ่ผิดปกติ -- พัฒนาการด้านกล้ามเนื้อมัดเล็กผิดปกติ -- พัฒนาการด้านการพูดและการสื่อความหมายล่าช้า -- พัฒนาการด้านสังคมและการช่วยเหลือตนเองผิดปกติ
650  4 ^aเด็ก
650  4 ^aพัฒนาการของเด็ก
650  4 ^aเด็ก^xการบริบาลและสุขวิทยา
945    ^p0^l0^i003077
945    ^p0^l0^i003078
945    ^p0^l0^i003079
945    ^p0^l0^i003080
945    ^p0^l0^i003081
945    ^p0^l0^i003082
945    ^p0^l0^i003083
945    ^p0^l0^i003084
945    ^p0^l0^i003085
945    ^p0^l0^i003086
945    ^p0^l0^i003087
945    ^p0^l0^i003088
999    ^aประนอม เกษจรัล
รายการนี้ยังไม่มีแท็ก
คุณยังไม่ได้ล็อกอิน คุณสามารถมีกิจกรรมร่วมกับเว็บไซต์ได้ แต่ต้องล็อกอินก่อน ::
  ล็อกอิน

รายการสื่อสารสนเทศ

ลำดับที่ ประเภท เลขเรียก/บาร์โค้ด สถานที่ สถานะ
1. วิทยาศาสตร์การแพทย์ และสุขภาพ
วิทยาศาสตร์การแพทย์ และสุขภาพ
สถานะ=หนังสือเก่า
WS104 จ493พ ฉ.1 
  Barcode: 003077
ห้องสมุดวิทยาเขตสวรรค์ประชารักษ์
►ส่วนจัดเก็บหนังสือเก่า สปร
บนชั้น
  ขอยืม
2. วิทยาศาสตร์การแพทย์ และสุขภาพ
วิทยาศาสตร์การแพทย์ และสุขภาพ
สถานะ=หนังสือเก่า
WS104 จ493พ ฉ.10 
  Barcode: 003086
ห้องสมุดวิทยาเขตสวรรค์ประชารักษ์
►ส่วนจัดเก็บหนังสือเก่า สปร
บนชั้น
  ขอยืม
3. วิทยาศาสตร์การแพทย์ และสุขภาพ
วิทยาศาสตร์การแพทย์ และสุขภาพ
สถานะ=หนังสือเก่า
WS104 จ493พ ฉ.11 
  Barcode: 003087
ห้องสมุดวิทยาเขตสวรรค์ประชารักษ์
►ส่วนจัดเก็บหนังสือเก่า สปร
บนชั้น
  ขอยืม
4. วิทยาศาสตร์การแพทย์ และสุขภาพ
วิทยาศาสตร์การแพทย์ และสุขภาพ
สถานะ=หนังสือเก่า
WS104 จ493พ ฉ.12 
  Barcode: 003088
ห้องสมุดวิทยาเขตสวรรค์ประชารักษ์
►ส่วนจัดเก็บหนังสือเก่า สปร
บนชั้น
  ขอยืม
5. วิทยาศาสตร์การแพทย์ และสุขภาพ
วิทยาศาสตร์การแพทย์ และสุขภาพ
สถานะ=หนังสือเก่า
WS104 จ493พ ฉ.2 
  Barcode: 003078
ห้องสมุดวิทยาเขตสวรรค์ประชารักษ์
►ส่วนจัดเก็บหนังสือเก่า สปร
บนชั้น
  ขอยืม
6. วิทยาศาสตร์การแพทย์ และสุขภาพ
วิทยาศาสตร์การแพทย์ และสุขภาพ
สถานะ=หนังสือเก่า
WS104 จ493พ ฉ.3 
  Barcode: 003079
ห้องสมุดวิทยาเขตสวรรค์ประชารักษ์
►ส่วนจัดเก็บหนังสือเก่า สปร
บนชั้น
  ขอยืม
7. วิทยาศาสตร์การแพทย์ และสุขภาพ
วิทยาศาสตร์การแพทย์ และสุขภาพ
สถานะ=หนังสือเก่า
WS104 จ493พ ฉ.4 
  Barcode: 003080
ห้องสมุดวิทยาเขตสวรรค์ประชารักษ์
►ส่วนจัดเก็บหนังสือเก่า สปร
บนชั้น
  ขอยืม
8. วิทยาศาสตร์การแพทย์ และสุขภาพ
วิทยาศาสตร์การแพทย์ และสุขภาพ
สถานะ=หนังสือเก่า
WS104 จ493พ ฉ.5 
  Barcode: 003081
ห้องสมุดวิทยาเขตสวรรค์ประชารักษ์
►ส่วนจัดเก็บหนังสือเก่า สปร
บนชั้น
  ขอยืม
9. วิทยาศาสตร์การแพทย์ และสุขภาพ
วิทยาศาสตร์การแพทย์ และสุขภาพ
สถานะ=หนังสือเก่า
WS104 จ493พ ฉ.6 
  Barcode: 003082
ห้องสมุดวิทยาเขตสวรรค์ประชารักษ์
►ส่วนจัดเก็บหนังสือเก่า สปร
บนชั้น
  ขอยืม
10. วิทยาศาสตร์การแพทย์ และสุขภาพ
วิทยาศาสตร์การแพทย์ และสุขภาพ
สถานะ=หนังสือเก่า
WS104 จ493พ ฉ.7 
  Barcode: 003083
ห้องสมุดวิทยาเขตสวรรค์ประชารักษ์
►ส่วนจัดเก็บหนังสือเก่า สปร
บนชั้น
  ขอยืม
11. วิทยาศาสตร์การแพทย์ และสุขภาพ
วิทยาศาสตร์การแพทย์ และสุขภาพ
สถานะ=หนังสือเก่า
WS104 จ493พ ฉ.8 
  Barcode: 003084
ห้องสมุดวิทยาเขตสวรรค์ประชารักษ์
►ส่วนจัดเก็บหนังสือเก่า สปร
บนชั้น
  ขอยืม
12. วิทยาศาสตร์การแพทย์ และสุขภาพ
วิทยาศาสตร์การแพทย์ และสุขภาพ
สถานะ=หนังสือเก่า
WS104 จ493พ ฉ.9 
  Barcode: 003085
ห้องสมุดวิทยาเขตสวรรค์ประชารักษ์
►ส่วนจัดเก็บหนังสือเก่า สปร
บนชั้น
  ขอยืม

รายการใกล้เคียง
    ผู้แต่ง [จิรนันท์ วีรกุล]

    หัวเรื่อง [เด็ก]
    หัวเรื่อง [พัฒนาการของเด็ก]

BibComment


ยังไม่เคยถูกคอมเมนท์

คอมเมนท์ทรัพยากรรายการนี้
  คอมเมนท์: พัฒนาการผิดปกติท..


 Copyright 2026. Bcnsprnw @Library